00333nam a22001217a 4500999001700000082001300017100002100030245003000051260001200081300000800093942000700101952010300108 c65218d65215 a297 YOU  aYoussef El-Digwy aIslam the ideal religion  aLahore  a179 cBK 001040708REFaREFbREFd2019-07-09l0o297 YOU (Shelf - 18D)pR11820r2019-07-09 00:00:00yBK